000 01306nam0a2200337 4500
001 RU\NLR\bibl\1764142
005 20260405222721.0
010 _a978-5-367-01834-9
_96050
021 _aRU
_b2011-25456
_91813
035 _a(NLR Aleph) 001754946
090 _a1542244
_c1542244
100 _a20110428d2011 |||y0rusy50 ca
101 0 _arus
102 _aRU
105 _aa |||||||||
200 1 _aСадовые цветы: от красного до лилового
_fДжеймс Александер-Синклер
_g[пер. с англ. А.А. Рудакова]
210 _aСанкт-Петербург
_cАмфора
_d2011
215 _a47 с.
_cцв. ил.
_d25
225 1 _aСад и огород
300 _aНа обл. авт. не указан
606 1 _aПриусадебное цветоводство
_91961310
_3RU\NLR\auth\66897824
606 1 _aЦветочные культуры
_xАссортимент по цветовой гамме
_92618366
_3RU\NLR\auth\661554926
686 _aП274,1
686 _aП274-4
700 1 _4070
_8rus
_7ca
_aАлександер-Синклер
_bД.
_gДжеймс
_3RU\NLR\auth\77100958
_983884
801 0 _aRU
_bNLR
_c20110428
_gRCR
801 1 _aRU
_bNLR
_c20110428
942 _cBOOK
980 _aNB
980 _aNBR